Puteri Dayang Bongsu

Bibliographic Details
Main Author: Rejab F.I
Format: Book
Published: Selangor : Penerbitan Pinang , 2006
Series:Siri cerita warisan tanah air
Subjects:

MARC

LEADER 00000cam a2200000 7i4500
001 0000000261
005 20220105103909.0
008 070628
020 |a 9830556115(set) 
020 |a 983055614X 
090 0 0 |a JP   |b CT MAL (641) 
100 0 |a Rejab F.I 
245 1 0 |a Puteri Dayang Bongsu   |c Rejab F.I 
260 |a Selangor :   |b Penerbitan Pinang ,   |c 2006 
440 |a Siri cerita warisan tanah air 
500 |a Children age 4-6 years old (yellow) 
650 0 |a Didactic fiction, Malay 
650 0 |a Malay fiction 
999 |a 0000955279   |b Book   |c Children Collection   |e Cawangan Tangkak 
999 |a 0000955280   |b Book   |c Children Collection   |e Perbadanan Perpustakaan Awam Johor 
999 |a 0000955281   |b Book   |c Children Collection   |e Perbadanan Perpustakaan Awam Johor 
999 |a 0000955282   |b Book   |c Children Collection   |e Perbadanan Perpustakaan Awam Johor 
999 |a 0000955283   |b Book   |c Children Collection   |e Perbadanan Perpustakaan Awam Johor 
999 |a 0000971463   |b Book   |c Children Collection   |e Cawangan Bandar Penawar 
999 |a 0000971464   |b Book   |c Children Collection   |e Cawangan Tmn. Ungku Tun Aminah 
999 |a 0000971465   |b Book   |c Children Collection   |e Cawangan Pontian